INDIRA GANDHI AND ITS YEARS THAT TRANSFORMS (Record no. 1715237)

MARC details
000 -LEADER
fixed length control field 00394nam a22001577a 4500
003 - CONTROL NUMBER IDENTIFIER
control field OSt
005 - DATE AND TIME OF LATEST TRANSACTION
control field 20260312125614.0
008 - FIXED-LENGTH DATA ELEMENTS--GENERAL INFORMATION
fixed length control field 260312b |||||||| |||| 00| 0 eng d
040 ## - CATALOGING SOURCE
Transcribing agency FLL
041 ## - LANGUAGE CODE
Language code of text/sound track or separate title ENG
Language code of sung or spoken text ENG
100 ## - MAIN ENTRY--PERSONAL NAME
Personal name RAGHAVAN, SRINATH
245 ## - TITLE STATEMENT
Title INDIRA GANDHI AND ITS YEARS THAT TRANSFORMS
260 ## - PUBLICATION, DISTRIBUTION, ETC.
Place of publication, distribution, etc. HARYANA
Name of publisher, distributor, etc. PENGUIN RANDEM HOUSE
Date of publication, distribution, etc. 2025
300 ## - PHYSICAL DESCRIPTION
Extent 367
942 ## - ADDED ENTRY ELEMENTS (KOHA)
Source of classification or shelving scheme Colon Classification (CC)
Koha item type Textbook
Suppress in OPAC No
Holdings
Withdrawn status Lost status Source of classification or shelving scheme Damaged status Not for loan Home library Current library Date acquired Source of acquisition Cost, normal purchase price Inventory number Total Checkouts Full call number Barcode Date last seen Price effective from Koha item type Date due Date last checked out
    Colon Classification (CC)     Law Centre-I Library Law Centre-I Library 2026-02-06 APPLE BOOKS 899.00 016/2025-26-6/02/26   V2,21'N84- N66 R5 LO1646506 2026-03-12 2026-03-12 Textbook    
    Colon Classification (CC)     Law Centre-I Library Law Centre-I Library 2026-02-06 APPLE BOOKS 899.00 016/2025-26-6/02/26   V2,21'N84- N66 R5 LO1646507 2026-03-12 2026-03-12 Textbook    
    Colon Classification (CC)     Law Centre-I Library Law Centre-I Library 2026-02-06 APPLE BOOKS 899.00 016/2025-26-6/02/26   V2,21'N84- N66 R5 LO1646508 2026-03-12 2026-03-12 Textbook    
    Colon Classification (CC)     Law Centre-I Library Law Centre-I Library 2026-02-06 APPLE BOOKS 899.00 016/2025-26-6/02/26 1 V2,21'N84- N66 R5 LO1646509 2026-04-07 2026-03-12 Textbook 2026-04-17 2026-04-07
    Colon Classification (CC)     Law Centre-I Library Law Centre-I Library 2026-02-06 APPLE BOOKS 899.00 016/2025-26-6/02/26   V2,21'N84- N66 R5 LO1646510 2026-03-12 2026-03-12 Textbook    
    Colon Classification (CC)     Law Centre-I Library Law Centre-I Library 2026-02-06 APPLE BOOKS 899.00 016/2025-26-6/02/26   V2,21'N84- N66 R5 LO1646511 2026-03-12 2026-03-12 Textbook    
    Colon Classification (CC)     Law Centre-I Library Law Centre-I Library 2026-02-06 APPLE BOOKS 899.00 016/2025-26-6/02/26   V2,21'N84- N66 R5 LO1646512 2026-03-12 2026-03-12 Textbook    
    Colon Classification (CC)     Law Centre-I Library Law Centre-I Library 2026-02-06 APPLE BOOKS 899.00 016/2025-26-6/02/26   V2,21'N84- N66 R5 LO1646513 2026-03-12 2026-03-12 Textbook    
Copyright @ Delhi University Library System